书目信息 |
| 题名: |
国际法教程
|
|
| 作者: | 闵希 著 ;林荣远 , 莫晓慧 译 | |
| 分册: | ||
| 出版信息: | 北京 世界知识出版社 1997 |
|
| 页数: | 392页 | |
| 开本: | 20cm | |
| 丛书名: | ||
| 单 册: | ||
| 中图分类: | D990 | |
| 科图分类: | ||
| 主题词: | 国际法 | |
| 电子资源: | ||
| ISBN: | 7-5012-0557-4 | |
| 000 | 00797nam0 2200241 45 | |
| 001 | 0197041579 | |
| 005 | 20050315142552.7 | |
| 010 | @a7-5012-0557-4@dCNY16.50 | |
| 100 | @a19971127d1997 em y0chiy0121 ea | |
| 101 | 1 | @achi@cger |
| 102 | @aCN@b110000 | |
| 105 | @ay z 000yy | |
| 200 | 10 | @a国际法教程@Aguo ji fa jiao cheng@dVolkerrecht in programmierter form mitvertiefungshinweisen@f(德)英戈·冯·闵希著@F(De)Ying Ge·Feng·Min Xi Zhu@g林荣远,莫晓慧译 |
| 210 | @a北京@c世界知识出版社@d1997 | |
| 215 | @a392页@d20cm | |
| 300 | @a据Berlin Walter de Gruyter出版社1982年第二版译出 | |
| 606 | @a国际法 | |
| 690 | @aD990@v4 | |
| 701 | 0 | @a闵希@4著 |
| 702 | 0 | @a林荣远@Alin rong yuan@4译 |
| 702 | 0 | @a莫晓慧@Amo xiao hui@4译 |
| 801 | 0 | @aCN@bNLC@c19971211 |
| 905 | @f5@b344743-747@dD990@e47 | |
| 国际法教程=Volkerrecht in programmierter form mitvertiefungshinweisen/(德)英戈·冯·闵希著/林荣远,莫晓慧译.-北京:世界知识出版社,1997 |
| 392页;20cm |
| 据Berlin Walter de Gruyter出版社1982年第二版译出 |
| ISBN 7-5012-0557-4:CNY16.50 |
| ● |
| 相关链接 |
|
|
|
|
正题名:国际法教程
索取号:D990/47
 
预约/预借
| 序号 | 登录号 | 条形码 | 馆藏地/架位号 | 状态 | 备注 |
| 1 | 0344743 | 203447430 | 第一样本阅览室/ [索取号:D990/47] | 在馆 | |
| 2 | 0344744 | 203447449 | 第一借阅区/ [索取号:D990/47] | 在馆 | |
| 3 | 0344745 | 203447458 | 第一借阅区/ [索取号:D990/47] | 在馆 | |
| 4 | 0344746 | 203447467 | 第一借阅区/ [索取号:D990/47] | 在馆 | |
| 5 | 0344747 | 203447476 | 第一借阅区/ [索取号:D990/47] | 在馆 |